00302nam a22000857a 4500008004100000022001400041040005500055245005200110260005400162230811b |||||||| |||| 00| 0 eng d a0972-2432 aNational Science LibrarycNational Science Library aAryabhata research journal of physical sciences aBihar: bThe Society of Physical Sciences, c1998